Podział administracyjny Polski - Statystyki

Ogólne statystyki
  • Ten quiz został rozwiązany 23 razy
  • Średni wynik to 14 z 16
Statystyki odpowiedzi
Obrazkowy Odpowiedź % Poprawnych
Dolnośląskie
95%
Pomorskie
95%
Śląskie
95%
Lubelskie
91%
Lubuskie
91%
Podkarpackie
91%
Warmińsko-mazurskie
91%
Warmińsko-mazurskie
91%
Zachodniopomorskie
91%
Łódzkie
86%
Małopolskie
86%
Świętokrzyskie
86%
Opolskie
82%
Podlaskie
82%
Kujawsko-pomorskie
77%
Mazowieckie
77%
Nie znaleziono quizów pasujących do podanych kryteriów
Rozkład punktacji
Procent ludzi z każdym wynikiem
Percentyl według liczby udzielonych odpowiedzi
Twoja historia wyników
Nie rozwiązałeś tego quizu